000 00562nam a2200193Ia 4500
003 IN-BaIIA
008 211028s9999 xx 000 0 eng d
020 _a0-06-041446-4
040 _cIIA Library
080 _a52
_bTHE
245 4 _aThe science of astronomy
_cedited by John A.Woods
260 _aNew York
_bHarper and Row
_c1974
300 _ax, 466p.
650 _aAstronomy
_980
650 _aAstronomy and Astrophysics Thesaurus
650 _aAstrophysics
_9794
700 _aWoods, John A., ed.
_910020
942 _cBK
999 _c5789
_d5789